<?xml version="1.0" encoding="UTF-8"?>
<record
    xmlns:xsi="http://www.w3.org/2001/XMLSchema-instance"
    xsi:schemaLocation="http://www.loc.gov/MARC21/slim http://www.loc.gov/standards/marcxml/schema/MARC21slim.xsd"
    xmlns="http://www.loc.gov/MARC21/slim">

  <leader>01023cam a22002531  4500</leader>
  <controlfield tag="001">ne 68002703 </controlfield>
  <controlfield tag="003">DLC</controlfield>
  <controlfield tag="005">20260227111844.0</controlfield>
  <controlfield tag="008">840112s1968    ua            000 0 arar </controlfield>
  <datafield tag="010" ind1=" " ind2=" ">
    <subfield code="a">ne 68002703 </subfield>
  </datafield>
  <datafield tag="020" ind1=" " ind2=" ">
    <subfield code="c">&#xA3;E1.00</subfield>
  </datafield>
  <datafield tag="035" ind1=" " ind2=" ">
    <subfield code="a">(OCoLC)10292523</subfield>
  </datafield>
  <datafield tag="040" ind1=" " ind2=" ">
    <subfield code="a">DLC</subfield>
    <subfield code="c">TxU</subfield>
    <subfield code="d">DLC</subfield>
  </datafield>
  <datafield tag="042" ind1=" " ind2=" ">
    <subfield code="a">premarc</subfield>
  </datafield>
  <datafield tag="050" ind1="0" ind2="0">
    <subfield code="a">DS70.96.G7</subfield>
    <subfield code="b">N36</subfield>
  </datafield>
  <datafield tag="100" ind1="1" ind2=" ">
    <subfield code="a">Naww&#x101;r, &#x2BB;Abd al-&#x2BB;Az&#x12B;z Sulaym&#x101;n.</subfield>
  </datafield>
  <datafield tag="245" ind1="1" ind2="3">
    <subfield code="a">al-Ma&#x1E63;&#x101;li&#x1E25; al-Bar&#x12D;&#x1E6D;&#x101;n&#x12B;yah f&#x12B; anh&#x101;r al-&#x2BB;Ir&#x101;q, 1600-1914,</subfield>
    <subfield code="b">dir&#x101;sah wath&#x101;&#x2BC;iq&#x12B;yah lil-ta&#x1E6D;awwur&#x101;t allat&#x12B; addat il&#xE1; i&#x1E25;tik&#x101;k Bar&#x12B;&#x1E6D;any&#x101; lil-mil&#x101;&#x1E25;ah f&#x12B; al-&#x2BB;Ir&#x101;q.</subfield>
    <subfield code="c">ta&#x2BC;l&#x12B;f &#x2BB;Abd al-&#x2BB;Az&#x12B;z Sulaym&#x101;n Naww&#x101;r.</subfield>
  </datafield>
  <datafield tag="260" ind1=" " ind2=" ">
    <subfield code="a">al-Q&#x101;hirah,</subfield>
    <subfield code="b">Maktabat al-Anjul&#x16B; al-Mi&#x1E63;r&#x12B;yah,</subfield>
    <subfield code="c">1968.</subfield>
  </datafield>
  <datafield tag="300" ind1=" " ind2=" ">
    <subfield code="a">10, 238, 112 p. :</subfield>
    <subfield code="b">map. ;</subfield>
    <subfield code="c">24 cm.</subfield>
  </datafield>
  <datafield tag="500" ind1=" " ind2=" ">
    <subfield code="a">Added t.p.: British interests in the rivers of Mesopotamia, by A.S. Nawar.</subfield>
  </datafield>
  <datafield tag="504" ind1=" " ind2=" ">
    <subfield code="a">Bibliography: p. [235]-238.</subfield>
  </datafield>
  <datafield tag="651" ind1=" " ind2="0">
    <subfield code="a">Iraq</subfield>
    <subfield code="x">Foreign relations</subfield>
    <subfield code="z">Great Britain.</subfield>
  </datafield>
  <datafield tag="651" ind1=" " ind2="0">
    <subfield code="a">Great Britain</subfield>
    <subfield code="x">Foreign relations</subfield>
    <subfield code="z">Iraq.</subfield>
  </datafield>
  <datafield tag="999" ind1=" " ind2=" ">
    <subfield code="c">50586</subfield>
    <subfield code="d">50586</subfield>
  </datafield>
</record>
